Les bébés en détresse. Intersubjectivité et travail de lien : Une théorie de la fonction contenante. Préface de Bernard Golse (notice n° 2171672)
[ vue normale ]
| 000 -LEADER | |
|---|---|
| fixed length control field | 01433cam a2200133 4500500 |
| 005 - DATE AND TIME OF LATEST TRANSACTION | |
| control field | 20260405041719.0 |
| 041 ## - LANGUAGE CODE | |
| Language code of text/sound track or separate title | fre |
| 042 ## - AUTHENTICATION CODE | |
| Authentication code | dc |
| 100 10 - MAIN ENTRY--PERSONAL NAME | |
| Personal name | Mellier, Denis |
| Relator term | author |
| 245 00 - TITLE STATEMENT | |
| Title | Les bébés en détresse. Intersubjectivité et travail de lien : Une théorie de la fonction contenante. Préface de Bernard Golse |
| 260 ## - PUBLICATION, DISTRIBUTION, ETC. | |
| Name of publisher, distributor, etc. | Presses Universitaires de France,<br/> |
| Date of publication, distribution, etc. | 2005.<br/> |
| 520 ## - SUMMARY, ETC. | |
| Summary, etc. | Comment intervenir face à un bébé en détresse qui ne peut exprimer par des mots sa souffrance&#8239;? Comment apporter un soin psychique&#8239;? Cette étude est une synthèse des avancées actuelles de la clinique psychanalytique sur de nombreux terrains institutionnels. Le processus de subjectivation de ces souffrances primitives passe par la présence de l’autre et un authentique travail de transformation qui implique souvent plusieurs professionnels. La «métapsychologie freudienne»sert de creuset à cette réflexion etprend ici une orientation intersubjective, tout en s’informant des avancées actuelles en psychologie développementale et en neurosciences. Avec la clinique des «bébés en détresse» se met en place un nouveau paradigme pour le soin psychique, centré sur un niveau de symbolisation «primaire» très proche du corps et du groupe. |
| 856 41 - ELECTRONIC LOCATION AND ACCESS | |
| Uniform Resource Identifier | <a href="https://shs.cairn.info/les-bebes-en-detresse-intersubjectivite-et-travail-de-lien--9782130551096?lang=fr&redirect-ssocas=7080">https://shs.cairn.info/les-bebes-en-detresse-intersubjectivite-et-travail-de-lien--9782130551096?lang=fr&redirect-ssocas=7080</a> |
Pas d'exemplaire disponible.




Réseaux sociaux